| 000 | 00867cad a22002055a 4500 | ||
|---|---|---|---|
| 001 | E155124 | ||
| 008 | 120305e20120224xxk 000 0 eng d | ||
| 035 | _a(Sirsi) u155124 | ||
| 041 | 0 | _aeng | |
| 110 | 2 |
_aRoyal Institution of Chartered Surveyors _bScotland _93082 |
|
| 245 | 0 | 0 |
_aDemand for Scottish farmland increases _h[electronic resource] |
| 260 | _c2012 | ||
| 490 |
_aRICS Scotland News Release _v24 February 2012 |
||
| 520 | _aThe second half of 2011 saw an increase in demand for commercial farmland in Scotland, mainly caused by industrial farmers looking for good quality land. Demand for residential farmland fell. | ||
| 590 | _aKA | ||
| 651 | 4 |
_aScotland _y1999- |
|
| 690 |
_aRural _96268 |
||
| 856 | 4 | 0 |
_uhttps://www.rics.org/site/scripts/press_article.aspx?pressreleaseID=747&categoryID=487 _zView the item free of charge at www.rics.org |
| 942 | _n0 | ||
| 999 |
_c83818 _d83818 |
||